¿Qué es el arte? /

Breves conceptos sobre la Historia del Arte. Imágenes de Lascaux en Francia. Tribus primitivas de Africa. Egipto. Civilización Griega y Romana. Ideales cristianos. Estilo bizantino. Renacimiento. Naturismo. Arte abstracto.

Guardado en:
Autor Corporativo: Videopedia Britannica.
Formato: Deslizar
Materias:
Etiquetas: Agregar Etiqueta
Sin Etiquetas, Sea el primero en etiquetar este registro!
LEADER 01097ngm a22003135g 4500
001 CEM.cems021472
008 130507b199?##################0###0#####d
005 20240826153401.0
245 1 0 |a ¿Qué es el arte? /  |c Videopedia Britannica. 
300 |a 30 
500 |a En soporte VHS, consultar en ventanilla. 
520 |a Breves conceptos sobre la Historia del Arte. Imágenes de Lascaux en Francia. Tribus primitivas de Africa. Egipto. Civilización Griega y Romana. Ideales cristianos. Estilo bizantino. Renacimiento. Naturismo. Arte abstracto. 
538 |a Soporte: VHS - Norma: Pal N - Color - Compra Cems - Hitachi=0000 
110 2 |a Videopedia Britannica. 
082 7 0 |/ VID 
653 |a ARTE 
653 |a AFRICA 
653 |a TRIBUS 
653 |a EGIPTO 
653 |a CIVILIZACION GRIEGA 
653 |a CIVILIZACION ROMANA 
653 |a AFRICA-ARTE 
653 |a LASCAUX 
653 |a BIZANTINO 
653 |a RENACIMIENTO 
653 |a NATURISMO 
653 |a ABSTRACTO 
653 |a NIVEL SECUNDARIO 
859 |a CEMS  |b BIB. CEMS - Depto. Recursos Didacticos  |h 700  |i VID  |k DRD  |p 115.12  |t Ej.1